[Event "Rodostosah GM 2019"]
[Site "Tekirdag"]
[Date "2019.02.11"]
[Round "2.1"]
[White "Stankovic, Milos"]
[Black "Gokerkan, Cem Kaan"]
[Result "0-1"]
[WhiteElo "2453"]
[BlackElo "2423"]
[Annotator "TA"]
[PlyCount "156"]
[EventDate "2019.02.08"]
[EventType "schev"]
[EventCountry "TUR"]
[SourceTitle "playchess.com"]
[Source "ChessBase"]
[SourceQuality "1"]

{[%evp 15,155,4,4,-22,-26,-21,0,0,16,0,18,9,43,19,39,55,69,14,22,12,17,23,24,10,21,0,51,7,58,29,74,51,100,74,200,195,206,197,206,191,201,197,205,187,188,193,185,185,174,121,118,121,120,119,118,111,131,110,129,131,264,248,248,241,225,227,276,272,294,223,440,440,440,441,443,377,482,302,427,427,424,418,395,371,485,485,1059,1051,685,184,189,182,182,174,548,535,548,502,2411,2946,29973,29974,29968,-1060,-944,-902,-805,-29970,-29971,-29969,-29968,-29977,-29979,-29977,-29979,-29978,-29979,-29985,-29986,-29986,-29987,-29987,-29986,-29986,-29987,-29987,-29988,-29989,-29990,-29989,-29990,-29994,-29992,-29992,-29992,-29996,-29997,-29997,-29998,-29998,-29999,-29999]} 1. e4 c5 2. Nf3 d6 3. Bb5+ Nd7 4. a4 Ngf6 5. Nc3 a6 6. Bc4 {B51: Sicilian: Moscow Variation (3 Bb5+) without 3...Bd7} (6. Be2 b6 7. d4 cxd4 8. Qxd4 Bb7 9. O-O e5 10. Qe3 Be7 11. Nd2 O-O 12. Rd1 Qc7 13. Nc4 {1-0 (39) Giri,A (2783)-Salem,A (2660) St Petersburg 2018}) 6... e6 7. O-O Be7 8. a5 O-O {LiveBook: 3 Games} 9. d3 Nb8 10. e5 dxe5 11. Nxe5 Qc7 $146 ({Predecessor:} 11... Bd7 12. Nxd7 Nfxd7 13. Qg4 {½-½ (57) Wharrier,J (2346)-Banon Cifuentes,E ICCF email 2012}) 12. Re1 Bd6 13. Qe2 Nbd7 {[%cal Rd7e5]} 14. Bf4 Nxe5 15. Bxe5 Bd7 16. Bxd6 ({White should try} 16. Bxf6 $14 gxf6 17. Qh5) 16... Qxd6 $11 17. Qe5 Qxe5 18. Rxe5 Rac8 19. h3 Rfd8 20. f4 {[%cal Bf2f4,Bf4f5,Bf5e6][%mdl 32]} Be8 ({Better is} 20... g6 $11) 21. Rf1 Kf8 (21... g6 $11) 22. g4 Nd7 23. Re3 Nf6 24. f5 Nd5 (24... exf5 $16 25. Rxf5 h6) 25. Re5 $1 $18 Nxc3 26. fxe6 (26. bxc3 $6 exf5 27. Rfxf5 (27. Rexf5 Rc7 $14) 27... f6 $14) 26... Rc7 27. bxc3 f6 28. g5 Ke7 29. gxf6+ gxf6 30. Ref5 Bc6 31. R1f4 Rg8+ 32. Rg4 ({White should play} 32. Kf1 $18) 32... Rxg4+ $16 33. hxg4 {[%mdl 4096] Endgame KRB-KRB} Bb5 34. Bd5 c4 35. g5 fxg5 36. dxc4 (36. Rxg5 $6 cxd3 37. cxd3 Kf6 $11) 36... Be8 37. Rxg5 Bg6 (37... Kd6 $16 {was worth a try.} 38. Kf2 Rc5) 38. Kf2 $18 Rc5 39. Rg1 Rxa5 {[#]} 40. Ke3 $1 ({Less strong is} 40. Bxb7 Ra2 $14) 40... Rc5 41. Kd4 ({Worse is} 41. Bxb7 Rxc4 42. Kd2 Rh4 $14) 41... Rc7 42. c5 Kf6 $2 (42... Bxc2 {was called for.} 43. Bxb7 Bg6) 43. Rf1+ Ke7 44. c4 Be8 45. Rb1 Kf6 46. Re1 Ke7 (46... a5 $142 47. Rb1 a4 48. Bxb7 Kxe6 49. Re1+ Kf7 50. Bd5+ Kf8) 47. c3 Kf6 48. Rf1+ Ke7 49. Rf2 Bg6 50. Rb2 Be8 (50... Kf6 $142 51. Bxb7 (51. Rxb7 Rxb7 52. Bxb7 Kxe6 $18) 51... Kxe6 52. Bd5+ Kf6 53. Rb6+ Kf5 54. Rxa6 Kg5) 51. Ke5 a5 52. Rh2 $2 (52. Bxb7 Rxc5+ 53. Bd5) 52... Bg6 53. Ra2 Rxc5 54. Kd4 b6 $2 (54... Kd6 {is a better chance.} 55. Bxb7 Rh5) 55. Rb2 a4 56. Rxb6 Ra5 (56... Rc7 $142 57. c5 Kf6) 57. Ke5 a3 58. Rb7+ Kd8 {[#]} 59. Kd6 $4 {[%mdl 8192]} (59. c5 $1 {[%mdl 512] is the narrow road to win.} Rxc5 60. Kd6 Rxd5+ 61. Kxd5 Kc8 62. Ra7 Bc2 63. Kd6 Bg6 64. Rxa3) 59... Ra6+ $19 60. Ke5 a2 61. Rb8+ Kc7 {Black mates.} 62. Rb7+ Kc8 63. Rb5 a1=Q 64. Bb7+ Kc7 65. Bxa6 Qxc3+ 66. Kd5 Qd3+ 67. Ke5 Qd6+ 68. Kf6 Qxa6 69. Rc5+ Kd6 70. Rd5+ Kc6 71. Rd8 Qa1+ 72. Kg5 Qe5+ 73. Kh6 Qxe6 74. Rf8 Bf7+ 75. Kg7 Qg6+ 76. Kh8 Qf6+ 77. Kxh7 Qg6+ 78. Kh8 Qh6# {Precision: White = 52%, Black = 35%.} 0-1

[Event "Rodostosah GM 2019"]
[Site "Tekirdag"]
[Date "2019.02.11"]
[Round "2.2"]
[White "Lajthajm, Borko"]
[Black "Kamer, Kayra"]
[Result "1/2-1/2"]
[WhiteElo "2431"]
[BlackElo "2419"]
[Annotator "TA"]
[PlyCount "149"]
[EventDate "2019.02.08"]
[EventType "schev"]
[EventCountry "TUR"]
[SourceTitle "playchess.com"]
[Source "ChessBase"]
[SourceQuality "1"]

{[%evp 14,149,70,74,66,58,78,82,63,45,70,46,63,42,40,30,27,23,52,-8,83,76,64,72,81,56,112,107,117,-1,141,94,104,100,107,18,13,0,0,-30,-36,-206,-20,-24,-8,-11,-13,0,0,0,0,0,0,3,109,106,106,0,0,0,0,0,0,0,0,0,0,0,0,0,0,-170,0,-8,0,0,8,8,8,0,0,0,0,0,0,0,0,0,0,0,0,0,0,0,0,0,7,0,0,0,0,0,0,0,0,0,0,0,0,0,0,0,0,0,0,0,0,0,0,0,0,0,8,0,0,0,0,0,0,0,0,0,0,0,0,0,0,0]} 1. d4 Nf6 2. c4 g6 3. Nc3 Bg7 4. e4 d6 5. Be2 O-O 6. Be3 e5 7. d5 a5 8. g4 Na6 {E73: King's Indian: Averbakh Variation without 6...c5} 9. g5 (9. h4 Nc5 10. f3 h5 11. g5 Nh7 12. Kd2 Bd7 13. Nh3 c6 14. Nf2 cxd5 15. exd5 f5 16. gxf6 Nxf6 17. Bxc5 dxc5 {0-1 (37) Vallejo Pons,F (2705)-Radjabov,T (2741) Palma de Mallorca 2017}) 9... Nd7 10. h4 $1 Ndc5 {White is better.} 11. h5 Bd7 12. Nf3 c6 13. Nd2 $146 ({Predecessor:} 13. Rh4 a4 14. Qd2 a3 15. b3 Qa5 16. Kf1 {1-0 (42) Ladva,O (2501)-Al Sayed,M (2521) Baku 2016}) 13... a4 14. a3 (14. Nxa4 $2 Nxa4 15. Rb1 cxd5 $19) 14... cxd5 15. Nxd5 Rb8 16. Kf1 (16. Bg4 $14) 16... b5 (16... Nc7 $11) 17. cxb5 Bxb5 18. Bxb5 Rxb5 19. Rb1 Rb7 (19... Nc7 $14) 20. Qg4 $16 Nc7 21. Nc3 (21. hxg6 $16 fxg6 22. Qh3) 21... f5 (21... Qa8 $11 {keeps the balance.}) 22. gxf6 Qxf6 {White should prevent ...Bh6!} 23. hxg6 hxg6 24. Bxc5 (24. Nc4 $16) 24... dxc5 $11 {[%csl Gf8][%cal Rf6f2]} 25. Qh4 Qa6+ 26. Kg2 Ne6 27. Nf3 $2 (27. Kg1 $1 $15) 27... Nf4+ $2 (27... Rf4 $1 $19 {[%cal Rf4h4]} 28. Qg3 Rbf7) 28. Kg1 Nh5 29. Rh3 Rbf7 30. Qg4 $1 Rf4 31. Qg2 Qc8 32. Nd5 R8f7 $1 33. Rh4 (33. Rxh5 Rg4 $17) 33... Qd8 ({Don't blunder} 33... Rxf3 $2 34. Qxf3 $1 {[%mdl 512]} (34. Qxg6 $2 Nf6 $19) 34... Rxf3 35. Ne7+ Kf8 36. Nxc8 $18) (33... Bf6 $1 $11 {remains equal.} 34. Nxf4 (34. Rxh5 Rg4 $17) 34... Nxf4) 34. Nxf4 $16 Nxf4 35. Rxf4 (35. Qg4 $16) 35... Rxf4 $11 36. Re1 Qd3 37. Nh2 Qd2 38. Rf1 Qxb2 39. Qxg6 Qxa3 {Strongly threatening ...Qh3.} 40. Rd1 {Intending Rd7 and mate.} Qh3 41. Rd8+ Rf8 42. Rd6 $2 {[#]} (42. Rxf8+ $11 Kxf8 43. Ng4) 42... a3 $2 ({Black should try} 42... Kh8 $1 $19 {...Rg8 is the strong threat.} 43. Qg4 Qxg4+ 44. Nxg4 Ra8) 43. Ra6 $1 {The position is equal.} Rb8 {( -> ...Rb1+)} 44. Nf1 Qf3 45. Ra7 {[%csl Ga7][%cal Rg6g7]} Qf6 $132 {[%mdl 2048] Black has counterplay} 46. Qxf6 Bxf6 47. Rxa3 {[%mdl 4096] Endgame KRB-KRN} Rb4 48. Ra6 Kf7 49. Rc6 Rxe4 50. Rxc5 Be7 51. Rb5 Ke6 52. Kg2 Rb4 53. Ra5 Rb2 54. Ne3 Bh4 55. Ng4 Kf5 56. Kf3 Bf6 57. Ne3+ Kg5 58. Ra4 Kg6 59. Nc4 Rc2 60. Kg3 Rc3+ 61. Kg4 Rc2 62. f3 Rg2+ 63. Kh3 Rg1 64. Ra6 Kf5 65. Kh2 Rg6 66. Ne3+ Kf4 67. Ng4 Kxf3 68. Nxf6 {aiming for Ra3+. KRN-KR} e4 69. Ra3+ e3 70. Nd5 Kf2 {[%cal Rg6h6]} 71. Nf4 Rh6+ 72. Nh3+ {[#]} Rxh3+ $1 {[%mdl 512]} 73. Kxh3 e2 74. Ra1 e1=Q 75. Rxe1 {Accuracy: White = 64%, Black = 55%.} 1/2-1/2

[Event "Rodostosah GM 2019"]
[Site "Tekirdag"]
[Date "2019.02.11"]
[Round "2.3"]
[White "Bajarani, Ulvi"]
[Black "Ozen, Deniz"]
[Result "1-0"]
[WhiteElo "2420"]
[BlackElo "2410"]
[Annotator "TA"]
[PlyCount "67"]
[EventDate "2019.02.08"]
[EventType "schev"]
[EventCountry "TUR"]
[SourceTitle "playchess.com"]
[Source "ChessBase"]
[SourceQuality "1"]

{[%evp 26,67,0,0,16,23,26,0,506,504,606,637,698,692,666,365,1626,1555,29968,29969,29966,29970,29970,29971,29970,29972,29972,29973,29972,29974,29973,29974,29974,29976,29975,29977,29976,29977,29977,29978,29979,29978,29978,29978]} 1. d4 d5 2. c4 c6 3. Nf3 Nf6 4. Nc3 dxc4 5. a4 Bf5 6. Ne5 e6 7. f3 Bb4 8. e4 Bxe4 9. fxe4 Nxe4 10. Bd2 Qxd4 11. Nxe4 Qxe4+ 12. Qe2 Bxd2+ 13. Kxd2 Qd5+ 14. Kc2 O-O {D17: Slav Defence: 5 a4 Bf5: Lines with 6 Nh4 and 6 Ne5} 15. Qe3 Na6 {aiming for ...Nb4+.} 16. Bxc4 {[#]} Qxg2+ $146 {[%mdl 8192] [#]} (16... Nb4+ $1 $11 17. Kb3 Qd6) ({Predecessor:} 16... Nb4+ 17. Kb3 Qd6 18. Rad1 Nd5 19. Bxd5 cxd5 20. g4 f6 21. Nd3 e5 22. Qc5 {½-½ (38) Grigore,G (2541)-Solak,D (2583) Eforie Nord 2009}) 17. Kc3 $1 $18 Nb4 18. Rhg1 ({Less strong is} 18. Kxb4 Qxb2+ 19. Bb3 a5+ 20. Kc4 b5+ 21. Kc5 bxa4 $18) 18... Qxh2 19. Kxb4 Qxb2+ 20. Bb3 {White threatens Rxg7+! and mate.} a5+ $2 (20... c5+ 21. Kc4 (21. Qxc5 a5+ 22. Kc4 b6 $15) 21... g6) 21. Kc4 {White wants to mate with Rxg7+!} f6 {[#]} 22. Rxg7+ $3 {[%mdl 576] Clearance. White mates.} Kxg7 {[#]} 23. Rg1+ $1 Kh8 {[#]} 24. Ng6+ $1 {[%mdl 576] Double Attack} Kg7 (24... hxg6 25. Qh6+) 25. Nxf8+ Kxf8 26. Qxe6 {[%csl Ge6][%cal Rg1g8]} b5+ 27. axb5 cxb5+ 28. Kxb5 {[%csl Gb3,Ge6][%cal Rg1g8]} Qxb3+ 29. Qxb3 Rb8+ 30. Ka4 Rxb3 31. Kxb3 Kf7 32. Kc4 Ke6 33. Kd4 Kf5 34. Ke3 {Accuracy: White = 69%, Black = 50%.} 1-0

[Event "Rodostosah GM 2019"]
[Site "Tekirdag"]
[Date "2019.02.11"]
[Round "2.4"]
[White "Annageldyev, Orazly"]
[Black "Can, Isik"]
[Result "0-1"]
[WhiteElo "2377"]
[BlackElo "2382"]
[Annotator "TA"]
[PlyCount "69"]
[EventDate "2019.02.08"]
[EventType "schev"]
[EventCountry "TUR"]
[SourceTitle "playchess.com"]
[Source "ChessBase"]
[SourceQuality "1"]

{[%evp 9,69,-8,-10,-16,27,22,31,14,18,0,22,21,19,23,23,20,35,19,20,20,25,31,33,16,13,22,16,0,37,24,20,0,68,22,27,13,45,16,79,-92,-87,-88,-72,-130,-132,-136,-42,-71,0,-88,0,0,0,0,0,-470,-466,-401,-139,-195,-201,-664]} 1. d4 d5 2. Bf4 c5 3. e3 cxd4 4. exd4 Nc6 5. Nc3 Bf5 6. Bd3 {B13: Caro-Kann: Exchange Variation and Panov-Botvinnik Attack} g6 $146 ({Predecessor:} 6... Bxd3 7. Qxd3 e6 8. Nf3 Nf6 9. Ne5 Be7 10. O-O O-O 11. Ne2 Rc8 12. c3 Nxe5 13. Bxe5 {½-½ (28) Gareyev,T (2592)-Nguyen,A (2468) Surakarta 2018}) 7. Bxf5 gxf5 8. Qd3 {White is slightly better.} e6 9. O-O-O Bd6 10. Nh3 Bxf4+ 11. Nxf4 Qd6 12. Qg3 O-O-O 13. Nb5 Qe7 14. Nh5 {next Qg7 is good for White.} a6 15. Nc3 Nf6 16. Nxf6 Qxf6 17. Na4 {[%cal Ra4b6]} f4 18. Qa3 Kb8 19. Nc5 Ka8 20. Rd3 Qe7 ({Don't go for} 20... Nxd4 $2 21. Qb4 $18) (20... Rc8 $11) 21. Rb3 Rb8 22. Rd1 Rhc8 23. Kb1 Rg8 {[#]} (23... Rc7 $11 {keeps the balance.}) 24. Rh3 $2 (24. Qa4 $1 $16) 24... Rxg2 $17 25. Qf3 Rbg8 {And now ...Nxd4! would win.} 26. Nb3 ({Better is} 26. a3) 26... Qf6 $36 {[%mdl 2048] White is under strong pressure.} 27. a3 {[#]} Rg1 (27... Qf5 $1 $17 {Hoping for ...Rg1.} 28. Rd2 Qe4) 28. Ka2 $1 $15 Qf5 (28... h6 $17) 29. Rd2 (29. Rxg1 $11 Rxg1 30. Qc3) 29... Rf1 (29... b6 $17 30. Qd3 Qxd3 31. Rdxd3 Rh8) 30. Rh4 $11 Qg5 31. Qxf4 Qe7 {...Nb4+! is the strong threat.} 32. Nc5 $2 {[%mdl 8192]} (32. Rg4 $11 {and White has nothing to worry.} Rg6 33. Qf3) 32... e5 $19 33. Qh6 Nxd4 $2 (33... Rgg1 $19 {is more deadly.} 34. Nb3 e4) 34. Rhxd4 (34. Qxh7 $17 Rfg1 35. Rhxd4 exd4 36. Na4) 34... exd4 35. Nb3 $2 {Accuracy: White = 39%, Black = 37%.} (35. Qxh7 Rfg1 36. Na4) 0-1

[Event "Rodostosah GM 2019"]
[Site "Tekirdag"]
[Date "2019.02.11"]
[Round "2.5"]
[White "Pikula, Dejan"]
[Black "Ozenir, Ekin Baris"]
[Result "1/2-1/2"]
[WhiteElo "2477"]
[BlackElo "2262"]
[Annotator "TA"]
[PlyCount "121"]
[EventDate "2019.02.08"]
[EventType "schev"]
[EventCountry "TUR"]
[SourceTitle "playchess.com"]
[Source "ChessBase"]
[SourceQuality "1"]

{[%evp 14,121,16,0,0,-8,0,-13,0,0,83,75,56,0,0,0,0,0,33,18,18,18,40,23,25,22,47,40,21,28,57,28,28,22,28,24,42,28,27,26,54,49,62,-328,-295,-310,-305,-324,-344,-308,-266,-278,-275,-266,-272,-310,-232,-262,-137,-124,-81,-128,-130,-130,-116,-140,-136,-135,-90,-83,-77,-99,-87,-87,-73,-100,-75,-196,-206,-198,-160,-160,-160,-167,-140,-147,-131,-120,-124,-122,-19,-18,-18,-18,-17,-17,-12,-12,0,-20,-20,-20,-12,-12,0,-37,0,-12,0,-38]} 1. e4 e6 2. d4 d5 3. Nc3 {[%cal Bb1c3,Bc3e2,Be2f4][%mdl 32]} Nf6 4. e5 Nfd7 5. f4 c5 6. Nf3 Nc6 7. Ne2 b5 8. c3 b4 {C11: French: Classical System: 4 e5 and 4 Bg5 dxe4} 9. f5 (9. Ng3 g6 10. Bb5 Qb6 11. Bxc6 Qxc6 12. O-O bxc3 13. bxc3 Ba6 14. Re1 Be7 15. dxc5 Nxc5 16. Nd4 {0-1 (39) Shytaj,L (2459)-Short,N (2678) Riadh 2017}) 9... exf5 10. Nf4 bxc3 11. bxc3 cxd4 (11... Qa5 $11 12. Bd2 c4) 12. Bb5 Qa5 13. Qd3 $146 {[#]} ({White should play} 13. Nxd5 $14 Bb7 14. Bd2 (14. Nxd4 Nxd4 {[%mdl 64] Discovered Attack} 15. Qxd4 O-O-O $15)) ({Predecessor:} 13. Bxc6 Qxc3+ 14. Bd2 Qxc6 15. Rc1 Bc5 16. e6 fxe6 17. Nxd4 {½-½ (31) Dimitrijevic,A (2227)-Stojanovic,D (2433) Leskovac 2002}) 13... Ba6 $1 {[%mdl 512]} 14. Bxa6 {Hoping for Bb7.} Nc5 {[%mdl 64] Double Attack} 15. Qxf5 Ne7 ({Don't play} 15... Nxa6 $6 16. Ng5 $16) 16. Qc2 {Threatens to win with Be2.} Qxa6 17. cxd4 Ne6 18. Qe2 Qxe2+ 19. Kxe2 Nc6 20. Be3 ({Of course not} 20. Nxd5 Rd8 $15) 20... Nxf4+ 21. Bxf4 Be7 22. Rhc1 Kd7 23. Rab1 {And now Rb7+ would win.} Rhc8 24. Rb7+ Ke6 25. g4 h6 26. h4 Bd8 27. Kd3 Bb6 28. Bd2 $2 {[%mdl 8192]} (28. Bg5 $1 $14 {is the one way to stay ahead.} f6 29. Bd2 fxe5 30. dxe5) 28... Nd8 $19 {[%mdl 64] Trapped Piece} 29. Rxb6+ axb6 30. Rb1 Rc6 ({Don't take} 30... Rxa2 31. Rxb6+ Nc6 32. Ke3 $19) 31. Rb2 Nb7 32. Bb4 Na5 33. a3 Nc4 34. Rb3 Ra6 35. Bf8 g6 ({Better is} 35... Kd7 $19 36. Rb5 Ra4 37. Rxd5+ Ke8) 36. Bxh6 $17 f6 {[%cal Rf6e5]} 37. exf6 Kxf6 38. Bc1 Re6 39. h5 gxh5 40. gxh5 Re8 41. h6 Kg6 42. Kc3 Re2 43. Kb4 Rc2 44. Bf4 Ra5 45. Bc7 (45. Ne1 $17 Re2 46. Nf3) 45... Kxh6 $19 46. Ne1 Re2 47. Nd3 {[#]} Re7 $1 {[%cal Re7c7]} 48. Bf4+ Kh7 {Strongly threatening ...Re4.} 49. Ne5 Nxe5 50. Bxe5 $17 {[%mdl 4096] Endgame KRR-KRB} Rea7 51. Rg3 Ra4+ (51... Kh6 $17 52. Bd6 Ra4+ 53. Kb5 Rxd4 54. Kxb6 Ra8) 52. Kb5 $11 Rxa3 53. Kxb6 R7a6+ 54. Kb5 R6a5+ 55. Kb6 Ra6+ (55... R3a4 {keeps more tension.} 56. Kc6 Rb4 57. Rc3 Kg6 58. Rc5 Ra1) 56. Kb5 R3a5+ 57. Kb4 Ra1 {White must now prevent ...Rc6.} 58. Kc5 R1a5+ 59. Kb4 Ra1 {...Rc6 is the strong threat.} 60. Kc5 R1a5+ 61. Kb4 {Accuracy: White = 56%, Black = 46%.} 1/2-1/2

[Event "Rodostosah GM 2019"]
[Site "Tekirdag"]
[Date "2019.02.11"]
[Round "3.1"]
[White "Gokerkan, Cem Kaan"]
[Black "Lajthajm, Borko"]
[Result "0-1"]
[WhiteElo "2423"]
[BlackElo "2431"]
[Annotator "ChessBase"]
[PlyCount "194"]
[EventDate "2019.02.08"]
[EventType "schev"]
[EventCountry "TUR"]
[SourceTitle "playchess.com"]
[Source "ChessBase"]
[SourceQuality "1"]
[TimeControl "5400+30"]

1. e4 c5 2. Nf3 a6 3. c3 g6 4. d4 cxd4 5. cxd4 d5 6. exd5 Nf6 7. Nc3 Bg7 8. Qb3 Nbd7 9. Bg5 O-O 10. a4 h6 11. Bxf6 Nxf6 12. Bc4 Qd6 13. O-O b6 14. Ne5 Bb7 15. h3 Rad8 16. Rad1 Nxd5 17. Nxd5 Bxd5 18. Bxd5 Qxd5 19. Qxb6 Rd6 20. Qc7 Bxe5 21. dxe5 Qxe5 22. Rxd6 exd6 23. b4 Qd5 24. Qb6 Ra8 25. a5 Qd3 26. Re1 d5 27. Qf6 Qc4 28. Re7 d4 29. Rd7 d3 30. Qd4 Qb3 31. Qxd3 Qxb4 32. Qd5 Rf8 33. Rd6 Kh7 34. Rf6 Qe7 35. Qf3 Kg7 36. Rxa6 Rc8 37. Qe3 Qxe3 38. fxe3 Rc1+ 39. Kf2 Ra1 40. Kf3 h5 41. Ra8 Ra4 42. Ke2 Ra2+ 43. Kf3 Ra4 44. a6 h4 45. e4 Ra2 46. e5 g5 47. a7 Ra4 48. Ke3 Kh7 49. Kd3 Kg7 50. Kc3 Kh7 51. Kb3 Ra1 52. Kc4 Kg7 53. Kd5 Ra4 54. Kd6 Ra6+ 55. Kc5 Ra1 56. Kd5 Ra4 57. Kc5 Ra1 58. Kd4 Ra4+ 59. Kd5 Kh7 60. e6 fxe6+ 61. Kxe6 Kg7 62. Kf5 Ra2 63. Rb8 Rxa7 64. Rb2 Kh6 65. Rb6+ Kh5 66. Rb2 Ra4 67. Rb8 Rf4+ 68. Ke5 Rf2 69. Rh8+ Kg6 70. Rg8+ Kh6 71. Ke6 Rxg2 72. Kf5 Rf2+ 73. Ke4 Rf4+ 74. Ke3 Rf1 75. Ke4 Rf2 76. Ra8 Rh2 77. Ra3 Kh5 78. Rb3 Rg2 79. Ra3 Rg1 80. Rb3 Rf1 81. Ra3 Kg6 82. Ra6+ Rf6 83. Ra3 g4 84. hxg4 Kg5 85. Ra8 h3 86. Rg8+ Kh4 87. Rh8+ Kxg4 88. Rg8+ Kh4 89. Rh8+ Kg3 90. Rg8+ Kf2 91. Rh8 Rf3 92. Ra8 Kg2 93. Ra2+ Rf2 94. Ra8 h2 95. Rg8+ Kf1 96. Rh8 Kg1 97. Ke3 Rg2 0-1

[Event "Rodostosah GM 2019"]
[Site "Tekirdag"]
[Date "2019.02.11"]
[Round "3.2"]
[White "Kamer, Kayra"]
[Black "Bajarani, Ulvi"]
[Result "0-1"]
[WhiteElo "2419"]
[BlackElo "2420"]
[Annotator "TA"]
[PlyCount "144"]
[EventDate "2019.02.08"]
[EventType "schev"]
[EventCountry "TUR"]
[SourceTitle "playchess.com"]
[Source "ChessBase"]
[SourceQuality "1"]

{[%evp 9,144,-2,18,5,20,-29,-6,-14,-5,-13,0,-1,0,-13,39,42,39,5,5,2,20,0,62,0,0,-31,-31,-158,16,16,16,25,14,16,22,0,44,-15,-13,-28,-6,-40,-40,-29,-52,-153,-102,-149,-132,-128,-108,-126,-50,-48,-46,-62,-89,-134,-147,-112,-119,-250,-255,-252,-230,-237,-239,-219,-227,-224,-222,-249,-237,-252,-259,-254,-261,-250,-246,-285,-318,-310,-310,-477,-501,-399,-518,-505,-489,-481,-382,-514,-489,-452,-364,-345,-256,-426,-273,-395,-316,-298,-274,-410,-410,-374,-266,-416,-404,-822,-904,-843,-824,-904,-887,-1468,-859,-1084,-899,-904,-887,-720,-584,-5065,-1499,-5568,-5538,-29979,-5106,-29984,-29985,-29985,-29986,-29986,-29987,-29987,-29982]} 1. g3 d5 2. Bg2 g6 3. d3 Bg7 4. Nd2 c5 (4... e5 5. e4 Ne7 6. exd5 Nxd5 7. Ngf3 O-O 8. O-O Nc6 9. Re1 h6 10. a3 a5 11. Rb1 Kh7 12. c4 Nde7 13. b4 axb4 14. axb4 Qxd3 15. b5 Nd4 16. Nxe5 Qc2 17. Bb2 Qxd1 18. Rbxd1 {1-0 (42) Mamedov,R (2709)-Korobov,A (2652) Huaian 2017}) 5. e4 e6 6. c3 {A00: Irregular Openings} Nc6 7. Qe2 $146 {Threatens to win with exd5.} ({Predecessor:} 7. Ngf3 Nge7 8. O-O O-O 9. Rb1 b5 10. Qc2 a5 11. Re1 Ba6 12. e5 Qb6 13. Nf1 Rac8 14. a3 b4 15. Bg5 h6 16. Bxe7 Nxe7 {0-1 (42) Williams,D (1561)-Williams,R (1701) Newport 2015}) 7... Nge7 8. f4 {The position is equal.} O-O 9. Ngf3 b5 10. O-O a5 11. Nb3 b4 (11... c4 $1 $11 12. Nc5 cxd3 13. Qxd3 dxe4 14. Qxe4 Nd5) 12. Nxc5 $14 bxc3 13. bxc3 Bxc3 14. Rb1 Bb4 15. Qf2 Qd6 (15... Bxc5 $11 16. Qxc5 Ba6) 16. Na4 (16. Be3 $14) 16... dxe4 $11 17. dxe4 Ba6 18. a3 (18. Be3 $15) 18... Bxa3 $2 ({Black should try} 18... Bxf1 $17 19. Bxf1 Bxa3) 19. e5 Qd3 20. Bxa3 $1 Qxa3 21. Ra1 Qd3 22. Rfe1 Qd8 23. Red1 (23. Ng5 $14) 23... Nd5 24. Ng5 Ncb4 25. Ne4 Nd3 26. Qf3 N5b4 27. Nd6 (27. Kh1 $15) 27... Qe7 ({Black should play} 27... Qc7 {Strongly threatening ...Qa7+.} 28. Bf1 Qa7+ 29. Kg2 Rac8 $1 {[%mdl 512]} 30. Bxd3 Nxd3) 28. Rd2 $17 f6 29. Qe3 {[#]} fxe5 $1 {[%mdl 512]} 30. fxe5 Qa7 (30... Rab8 $17 31. Nb2 Nxb2 32. Rxb2 Nd5 {[%mdl 64] Discovered Attack}) 31. Qxa7 $15 Rxa7 32. Nc3 Rc7 $36 {[%mdl 2048] Black is in control.} 33. Ncb5 Rc5 34. Nd4 Rxe5 {Hoping for ...Rd8.} 35. Bh3 (35. Ne4 $17) 35... Rd8 $19 36. Bxe6+ Kg7 ({Resist} 36... Rxe6 37. Nxe6 Rxd6 {[#]} 38. Nc5 $1 $17 {[%mdl 512]}) 37. Nf7 Rxd4 38. Nxe5 Nxe5 39. Rxd4 Nf3+ {[%mdl 64] Double Attack} 40. Kf2 Nxd4 41. Bd7 Nd3+ 42. Kg1 Nb3 43. Ra3 Ndc5 44. Bc6 Bc4 45. Kf2 Nd4 46. Rc3 (46. Be8 $142 Nd3+ 47. Kg2) 46... Nxc6 47. Rxc4 Ne5 48. Rc2 Ned3+ 49. Ke3 a4 50. Rc3 Kf6 51. Kd4 Kf5 52. h3 Ke6 53. Ra3 $2 (53. g4 {might work better.}) 53... Kd6 54. Rc3 (54. g4 $142) 54... Kc6 {White must now prevent ...Kb5.} 55. Kc4 Kb6 56. h4 (56. Ra3 $142) 56... h5 57. Rc2 Ne5+ 58. Kb4 (58. Kd5 $142 Ned7 59. Kc4) 58... Nc6+ 59. Ka3 (59. Kc4 $142) 59... Nd4 60. Rc4 Nb5+ 61. Ka2 Nd3 62. Ka1 a3 63. g4 Ne5 64. Re4 Nxg4 65. Re6+ Kc5 66. Rxg6 Ne3 67. Re6 Nc2+ 68. Ka2 Kb4 (68... Nc3+ $142 69. Kb3 Nd4+ {[%mdl 64] Double Attack} 70. Kxc3 Nxe6 71. Kb3 Nd4+ 72. Kxa3 Nf3 73. Kb3 Kd4 74. Kc2 Ke3 75. Kd1 Kd3 76. Kc1 Nxh4 77. Kb2 Nf5 78. Ka3 h4 79. Kb4 h3 80. Kc5 h2 81. Kd5 h1=Q+ 82. Ke5 Qe4+ 83. Kf6 Ke3 84. Kg5 Qe6 85. Kh5 Qh6+ 86. Kg4 Qg6+ 87. Kh3 Qg3#) 69. Re4+ Ncd4 {Black mates.} 70. Rf4 Ka4 71. Kb1 Kb3 72. Rf2 {[#]} a2+ $1 {Accuracy: White = 37%, Black = 59%.} 0-1